| 000 | 00450nam a22001337a 4500 | ||
|---|---|---|---|
| 082 |
_a940.5400943 _bMEL _cL-30/2, P-33 |
||
| 100 |
_aMellenthin von F.W _946251 |
||
| 245 |
_aGerman Generals of World War II As I Saw Them _cMellenthin von F.W |
||
| 260 |
_aOklahoma _bUniversity of Oklahoma Press _cc1977 |
||
| 300 |
_axix, P 300 _bill _c16cm |
||
| 526 |
_a0 _b0 _c0 _d940_540943000000000_MEL |
||
| 526 |
_a0 _b0 _c0 _d940_540943000000000_MEL |
||
| 942 |
_2ddc _cBK |
||
| 999 |
_c549613 _d549613 |
||